[Event "IV Festival Marche Estate A"]
[Site "Falconara Marittima ITA"]
[Date "2007.07.21"]
[Round "8"]
[White "Pace, Pietro Dario"]
[Black "Okhotnik, Vladimir"]
[Result "0-1"]
[WhiteElo "2216"]
[BlackElo "2468"]
[PlyCount "82"]
[EventDate "2007.07.16"]

1. e4 c6 2. d4 d5 3. f3 e6 4. Nc3 Nd7 5. Bd3 Bb4 6. Nge2 dxe4 7. fxe4 e5 8. a3
Ba5 9. Be3 Ngf6 10. h3 exd4 11. Nxd4 Nxe4 12. O-O Nxc3 13. bxc3 Nf6 14. Qe1 Qe7
15. Qf2 Bxc3 16. Nf5 Bxf5 17. Bc5 Ne4 18. Bxe4 Qxe4 19. Rae1 Bxe1 20. Rxe1 b6
21. Rxe4+ Bxe4 22. Qh4 bxc5 23. Qxe4+ Kf8 24. Qxc6 Rd8 25. Qxc5+ Kg8 26. Qxa7
h5 27. Qe7 Rf8 28. c4 Rh6 29. Qd7 Ra8 30. a4 Rha6 31. c5 R6a7 32. Qd5 g6 33. c6
Rc8 34. a5 Rac7 35. a6 Rxc6 36. Qd7 R6c7 37. Qd5 Ra7 38. Qb5 Rca8 39. g4 hxg4
40. hxg4 Rxa6 41. Kg2 Ra3 0-1

[Event "XV C.to Italiano U20"]
[Site "Fiuggi ITA"]
[Date "2007.07.18"]
[Round "1"]
[White "Bellemo, Davide"]
[Black "Messina, Salvatore"]
[Result "1-0"]
[WhiteElo "2067"]
[BlackElo "1374"]
[PlyCount "57"]
[EventDate "2007.07.18"]

1. d4 Nf6 2. c4 e6 3. Nf3 d5 4. Nc3 Bb4 5. Bg5 c5 6. dxc5 Bxc5 7. e3 Be7 8.
cxd5 exd5 9. Be2 Nc6 10. O-O O-O 11. Rc1 Be6 12. h3 h6 13. Bf4 Qb6 14. Na4 Qd8
15. Ba6 Na5 16. Bc7 Qd7 17. Bxa5 bxa6 18. b3 Rac8 19. Qd4 Bxh3 20. Ne5 Qf5 21.
gxh3 Qxh3 22. Qf4 Bd6 23. Bc3 Rfe8 24. Bb2 Re6 25. Rxc8+ Kh7 26. Nc5 Ng4 27.
Qxg4 Rg6 28. Rh8+ Kxh8 29. Nxg6+ 1-0

[Event "XV C.to Italiano U20"]
[Site "Fiuggi ITA"]
[Date "2007.07.18"]
[Round "1"]
[White "Brunello, Sabino"]
[Black "Locci, Damiano"]
[Result "1-0"]
[WhiteElo "2475"]
[BlackElo "2025"]
[PlyCount "59"]
[EventDate "2007.07.18"]

1. e4 e5 2. Nf3 Nc6 3. d4 exd4 4. Nxd4 Bb4+ 5. c3 Bc5 6. Be3 Bb6 7. Nf5 Bxe3 8.
Nxe3 d6 9. c4 Nf6 10. Nc3 Qe7 11. Bd3 Ne5 12. f3 c6 13. O-O O-O 14. Re1 Nh5 15.
Bf1 Qg5 16. Kh1 Qh6 17. Qd4 Rd8 18. Rad1 Ng3+ 19. Kg1 Nxf1 20. Rxf1 Be6 21. c5
Rd7 22. cxd6 b6 23. Nf5 Bxf5 24. exf5 f6 25. f4 Nf7 26. Qe4 Rc8 27. Rfe1 Kf8
28. Qe6 Rdd8 29. d7 Rb8 30. Qe7+ 1-0

[Event "XV C.to Italiano U20"]
[Site "Fiuggi ITA"]
[Date "2007.07.18"]
[Round "1"]
[White "Cantu', Guido"]
[Black "Fossati, Remigio"]
[Result "0-1"]
[WhiteElo "1854"]
[BlackElo "2195"]
[PlyCount "76"]
[EventDate "2007.07.18"]

1. e4 c5 2. Nf3 e6 3. d4 cxd4 4. Nxd4 Nf6 5. Nc3 d6 6. g4 a6 7. g5 Nfd7 8. Rg1
Nc6 9. Be3 Qc7 10. Qd2 b5 11. O-O-O Bb7 12. f4 b4 13. Nce2 Nxd4 14. Qxd4 Rc8
15. Kb1 Qxc2+ 16. Ka1 Rc4 17. Rc1 Qxc1+ 18. Bxc1 Rxd4 19. Nxd4 Nc5 20. Bd2 Nxe4
21. Bxb4 d5 22. Bxf8 Rxf8 23. Bd3 Kd7 24. Rg2 Nd6 25. h4 g6 26. h5 Nf5 27. Bxf5
exf5 28. Re2 Rc8 29. Kb1 Rc4 30. hxg6 hxg6 31. Rd2 Kd6 32. a3 Rc8 33. Rc2 Re8
34. Re2 Rxe2 35. Nxe2 d4 36. Nxd4 Kd5 37. Ne2 Ke4 38. Kc2 Ke3 0-1

[Event "XV C.to Italiano U20"]
[Site "Fiuggi ITA"]
[Date "2007.07.18"]
[Round "1"]
[White "Caprio, Guido"]
[Black "Dvirnyy, Danyyil"]
[Result "0-1"]
[WhiteElo "1961"]
[BlackElo "2365"]
[PlyCount "64"]
[EventDate "2007.07.18"]

1. e4 c5 2. Nf3 d6 3. d4 cxd4 4. Nxd4 Nc6 5. Nc3 e5 6. Ndb5 a6 7. Na3 b5 8. Nd5
Nce7 9. c4 Nxd5 10. cxd5 Nf6 11. Bd3 Be7 12. O-O O-O 13. Bd2 Nd7 14. Rc1 Bb7
15. Bb1 Bg5 16. Nc2 Bxd2 17. Qxd2 a5 18. Ne3 g6 19. b4 axb4 20. Qxb4 Nc5 21.
Rfd1 Qd7 22. Bd3 Nxd3 23. Rxd3 Ra4 24. Qb1 Rfa8 25. Rdc3 Rxa2 26. Rc7 Qxc7 27.
Rxc7 Ra1 28. Qf1 Rxf1+ 29. Nxf1 Ba6 30. Rc6 b4 31. f3 Bd3 32. Kf2 Ra2+ 0-1

[Event "XV C.to Italiano U20"]
[Site "Fiuggi ITA"]
[Date "2007.07.18"]
[Round "1"]
[White "Cinque, Antonio"]
[Black "Bosi, Clint"]
[Result "1/2-1/2"]
[WhiteElo "1653"]
[BlackElo "2080"]
[PlyCount "75"]
[EventDate "2007.07.18"]

1. e4 c5 2. Nf3 Nc6 3. Nc3 d6 4. d3 Nf6 5. Be2 g6 6. h3 Bg7 7. Be3 O-O 8. Qd2
Re8 9. Bh6 Bh8 10. h4 d5 11. h5 dxe4 12. hxg6 exf3 13. g7 fxg2 14. Rg1 Bf5 15.
Rxg2 Bg6 16. gxh8=Q+ Kxh8 17. f4 Qd4 18. O-O-O Rg8 19. Rdg1 Bf5 20. Bg7+ Rxg7
21. Rxg7 Bg6 22. R7xg6 fxg6 23. Rh1 Rf8 24. f5 gxf5 25. Qg5 e6 26. Bh5 Rg8 27.
Bg6 Rg7 28. Ne2 Qg4 29. Qxf6 Qxg6 30. Qf8+ Rg8 31. Qxc5 Qg2 32. Re1 e5 33. Nc3
Qg3 34. Rf1 Nd4 35. Nb5 Qg2 36. Qxe5+ Rg7 37. Qe8+ Rg8 38. Qe5+ 1/2-1/2

[Event "XV C.to Italiano U20"]
[Site "Fiuggi ITA"]
[Date "2007.07.18"]
[Round "1"]
[White "Coladangelo, Andrea"]
[Black "Frilli, Guido"]
[Result "1/2-1/2"]
[WhiteElo "1783"]
[BlackElo "2168"]
[PlyCount "51"]
[EventDate "2007.07.18"]

1. e4 c5 2. Nf3 Nc6 3. d4 cxd4 4. Nxd4 Nf6 5. Nc3 e5 6. Ndb5 d6 7. Bg5 a6 8.
Na3 b5 9. Nd5 Be7 10. Bxf6 Bxf6 11. c3 O-O 12. Bd3 Bg5 13. Nc2 Be6 14. Nce3 g6
15. a4 Bxe3 16. Nxe3 b4 17. Bc4 bxc3 18. bxc3 Na5 19. Bxe6 fxe6 20. O-O Rf4 21.
Qd3 Qb6 22. Nd5 Qc5 23. Nxf4 exf4 24. Qd4 Qxd4 25. cxd4 Nb3 26. Rad1 1/2-1/2

[Event "XV C.to Italiano U20"]
[Site "Fiuggi ITA"]
[Date "2007.07.18"]
[Round "1"]
[White "Gorgoglione, Enrico"]
[Black "Santagati, Alessandro"]
[Result "1/2-1/2"]
[WhiteElo "1748"]
[BlackElo "2141"]
[PlyCount "95"]
[EventDate "2007.07.18"]

1. Nf3 d5 2. c4 c6 3. cxd5 cxd5 4. d4 Nf6 5. Nc3 Bf5 6. Bf4 Nc6 7. e3 Qb6 8.
Bb5 e6 9. Qb3 Nd7 10. Bxc6 bxc6 11. Qxb6 axb6 12. a3 Be7 13. O-O O-O 14. h3 b5
15. Rfc1 f6 16. g4 Bd3 17. Na2 c5 18. Bg3 c4 19. Nc3 b4 20. axb4 Bxb4 21. Nb5
Nb6 22. Nc7 Ra4 23. Ne1 Be4 24. Kf1 Kf7 25. Ke2 Rc8 26. f3 Bg6 27. h4 h6 28.
Kd1 Ke7 29. Nc2 Bd6 30. Bxd6+ Kxd6 31. Nb5+ Kd7 32. Nc3 Raa8 33. Nb4 h5 34. Na6
Rh8 35. Nc5+ Ke7 36. gxh5 Bxh5 37. Ke2 Bf7 38. Rh1 g6 39. Rab1 Nd7 40. b4 Ra3
41. N3a4 Ra8 42. Ra1 Rxa1 43. Rxa1 Be8 44. Rh1 Nb8 45. Ra1 Kd6 46. b5 Nd7 47.
Rb1 Nb8 48. Kd2 1/2-1/2

[Event "XV C.to Italiano U20"]
[Site "Fiuggi ITA"]
[Date "2007.07.18"]
[Round "1"]
[White "Lettieri, Giuseppe"]
[Black "Dini, Andrea"]
[Result "1-0"]
[WhiteElo "2293"]
[BlackElo "1949"]
[PlyCount "87"]
[EventDate "2007.07.18"]

1. d4 d5 2. c4 c6 3. Nf3 Nf6 4. Nc3 e6 5. Bg5 h6 6. Bh4 Be7 7. e3 O-O 8. Qc2
Nbd7 9. Rd1 b6 10. Be2 Bb7 11. O-O Qc7 12. e4 dxe4 13. Nxe4 c5 14. Nc3 cxd4 15.
Nb5 Qc5 16. Nfxd4 a6 17. Nb3 Qb4 18. a3 Qa4 19. Rxd7 Nxd7 20. Nc3 Qc6 21. Bf3
Qc7 22. Bxb7 Qxb7 23. Bxe7 Rfe8 24. Bh4 Qc6 25. Qe2 Rec8 26. Rd1 Nf8 27. Nd2
Ra7 28. Bg3 f5 29. Be5 Ng6 30. Nf3 Qxc4 31. Qxc4 Rxc4 32. Rd6 Kf7 33. Rxb6 Rc8
34. Bd4 Rd7 35. g3 Ra8 36. h4 Rc7 37. h5 Nf8 38. Ne5+ Kg8 39. Ne2 Rd8 40. Bc3
Rd1+ 41. Kg2 Nd7 42. Rxe6 Nxe5 43. Rxe5 Rf7 44. Nf4 1-0

[Event "XV C.to Italiano U20"]
[Site "Fiuggi ITA"]
[Date "2007.07.18"]
[Round "1"]
[White "Lombardo, Michele"]
[Black "Ronchetti, Niccolo'"]
[Result "0-1"]
[WhiteElo "2002"]
[BlackElo "2410"]
[PlyCount "92"]
[EventDate "2007.07.18"]

1. e4 c5 2. Nc3 g6 3. g3 Bg7 4. Bg2 Nc6 5. d3 e6 6. Be3 d6 7. Qd2 Qa5 8. Nd1
Qa6 9. c3 Ne5 10. Bf1 Qc6 11. Qc2 b6 12. h3 Bb7 13. f4 Nd7 14. Bg2 f5 15. Ne2
Ngf6 16. Nf2 e5 17. Rg1 Qc7 18. g4 O-O-O 19. O-O-O Rde8 20. gxf5 gxf5 21. exf5
Bh6 22. Bd2 Nd5 23. Ng4 Bxf4 24. Nxf4 Nxf4 25. Bxf4 exf4 26. Bxb7+ Qxb7 27. Qf2
h5 28. Nh2 Qd5 29. Qxf4 Qxa2 30. Nf3 Rhf8 31. Nd2 Ne5 32. Kc2 Qxb2+ 33. Kxb2
Nxd3+ 34. Kb3 Nxf4 35. Nc4 Re7 36. Nxd6+ Kc7 37. Rg5 a6 38. Nc4 b5 39. Nb2 c4+
40. Kb4 Re2 41. Ka3 Rc2 42. Rg7+ Kc6 43. Rh7 Rxc3+ 44. Ka2 Nd3 45. Rxh5 Rc2 46.
Rb1 c3 0-1

[Event "XV C.to Italiano U20"]
[Site "Fiuggi ITA"]
[Date "2007.07.18"]
[Round "1"]
[White "Navarro, Stefano"]
[Black "Maggi, Fabrizio"]
[Result "1-0"]
[WhiteElo "2242"]
[BlackElo "1895"]
[PlyCount "87"]
[EventDate "2007.07.18"]

1. e4 e6 2. d4 d5 3. exd5 exd5 4. c4 Nf6 5. Nc3 Be7 6. Bd3 dxc4 7. Bxc4 O-O 8.
Nge2 Nbd7 9. O-O Nb6 10. Bb3 c6 11. Re1 h6 12. Nf4 Bf5 13. h3 Bb4 14. a3 Bd6
15. Qf3 Bh7 16. Bd2 a5 17. Rad1 a4 18. Ba2 Bc2 19. Rc1 Bh7 20. Rcd1 Bc2 21. Rc1
Bh7 22. Be3 Re8 23. Red1 Qd7 24. d5 c5 25. Nd3 Rac8 26. Bxh6 Qf5 27. Qxf5 Bxf5
28. Be3 c4 29. Nb4 Bxb4 30. axb4 Nfd7 31. Bb1 Bxb1 32. Rxb1 Ra8 33. Ra1 Ra6 34.
Nb5 Rc8 35. Bf4 Nf6 36. Nc3 Raa8 37. Be3 Nbd7 38. Rxa4 Rxa4 39. Nxa4 Ne5 40.
Rd4 b5 41. Nc5 Rd8 42. Bf4 Ng6 43. Bg5 Ne7 44. Ne4 1-0

[Event "XV C.to Italiano U20"]
[Site "Fiuggi ITA"]
[Date "2007.07.18"]
[Round "1"]
[White "Piscitelli, Vito"]
[Black "Rombaldoni, Axel"]
[Result "0-1"]
[WhiteElo "1918"]
[BlackElo "2269"]
[PlyCount "90"]
[EventDate "2007.07.18"]

1. e4 c5 2. Nf3 Nc6 3. c4 g6 4. d4 cxd4 5. Nxd4 Bg7 6. Be3 d6 7. Nc3 Nf6 8. Be2
O-O 9. O-O Bd7 10. Qd2 Rc8 11. b3 Qa5 12. Rfd1 Rfd8 13. Rac1 a6 14. f3 h5 15.
Nxc6 bxc6 16. Nd5 Qxd2 17. Nxf6+ Bxf6 18. Rxd2 c5 19. Rcd1 Kf8 20. f4 Ke8 21.
g3 a5 22. Kg2 a4 23. h3 Bg7 24. g4 hxg4 25. Bxg4 f5 26. exf5 gxf5 27. Bh5+ Kf8
28. Kh2 axb3 29. axb3 Rb8 30. Rd3 Bc6 31. Bd2 Ra8 32. Bc3 Bh6 33. Kg3 Rdb8 34.
Rg1 Be4 35. Re3 e5 36. Kh4 Bxf4 37. Rxe4 fxe4 38. Rg6 Rxb3 39. Rf6+ Ke7 40.
Rf7+ Ke6 41. Be1 Re3 42. Bd2 Bg3+ 43. Kg5 Rg8+ 44. Bg6 Bh4+ 45. Kh5 Rxh3 0-1

[Event "XV C.to Italiano U20"]
[Site "Fiuggi ITA"]
[Date "2007.07.18"]
[Round "1"]
[White "Pomaro, Alberto"]
[Black "Basile, Luca"]
[Result "1-0"]
[WhiteElo "2149"]
[BlackElo "1781"]
[PlyCount "59"]
[EventDate "2007.07.18"]

1. d4 c5 2. d5 e5 3. c4 d6 4. Nc3 f5 5. e4 Nf6 6. exf5 Bxf5 7. Nge2 Be7 8. Ng3
Bg6 9. Bd3 Bxd3 10. Qxd3 O-O 11. O-O Nbd7 12. f3 Qe8 13. Nb5 Qc8 14. Nf5 Qd8
15. Nfxd6 Bxd6 16. Nxd6 Qc7 17. Nf5 Rae8 18. d6 Qb6 19. Ne7+ Kh8 20. Rd1 Rd8
21. Qf5 Ne8 22. Qh3 Rf7 23. Bg5 Nef6 24. Rd2 h6 25. Qe6 hxg5 26. Qxf7 Qa5 27.
Rad1 Qxa2 28. h4 gxh4 29. Kf2 Nf8 30. Rh1 1-0

[Event "XV C.to Italiano U20"]
[Site "Fiuggi ITA"]
[Date "2007.07.18"]
[Round "1"]
[White "Romano, Zeno"]
[Black "Bove, Alessandro"]
[Result "0-1"]
[WhiteElo "1866"]
[BlackElo "2173"]
[PlyCount "80"]
[EventDate "2007.07.18"]

1. e4 Nf6 2. e5 Nd5 3. c4 Nb6 4. d4 d6 5. Nf3 g6 6. b3 Bg7 7. Be2 Bg4 8. Nbd2
dxe5 9. dxe5 Bxf3 10. Nxf3 Qxd1+ 11. Bxd1 Nc6 12. Bb2 Nd7 13. O-O Ncxe5 14.
Bxe5 Bxe5 15. Rc1 Bf6 16. Bc2 O-O-O 17. Rcd1 Nc5 18. Rxd8+ Rxd8 19. Rd1 Rxd1+
20. Bxd1 Kd7 21. Kf1 Bc3 22. Bc2 h6 23. Ke2 a5 24. a4 e5 25. h3 Ke6 26. g4 c6
27. Nh4 Kd6 28. f3 Ne6 29. Ng2 Kc5 30. h4 Kb4 31. h5 Nd4+ 32. Kd3 Nxf3 33. Ke3
Nd4 34. Bxg6 fxg6 35. hxg6 Ne6 36. Ke4 Kxb3 37. Ne3 Kxa4 38. Nd5 cxd5+ 39. cxd5
Nc5+ 40. Kf5 e4 0-1

[Event "XV C.to Italiano U20"]
[Site "Fiuggi ITA"]
[Date "2007.07.18"]
[Round "1"]
[White "Rombaldoni, Denis"]
[Black "Pesce, Gabriele"]
[Result "1-0"]
[WhiteElo "2383"]
[BlackElo "2000"]
[PlyCount "43"]
[EventDate "2007.07.18"]

1. d4 f5 2. g3 Nf6 3. Bg2 g6 4. Nh3 Bg7 5. Nf4 d6 6. d5 O-O 7. h4 Qe8 8. h5 Na6
9. Nc3 Nc5 10. hxg6 hxg6 11. Be3 Nce4 12. Nxe4 Nxe4 13. Bd4 Qa4 14. c3 Qxd1+
15. Rxd1 g5 16. Nh3 Bh6 17. Be3 f4 18. Bc1 Nc5 19. Nxf4 gxf4 20. Rxh6 Kg7 21.
Rh4 fxg3 22. Bh6+ 1-0

[Event "XV C.to Italiano U20"]
[Site "Fiuggi ITA"]
[Date "2007.07.18"]
[Round "1"]
[White "Sellitti, Federico"]
[Black "Campese, Andrea"]
[Result "1-0"]
[WhiteElo "2171"]
[BlackElo "1817"]
[PlyCount "79"]
[EventDate "2007.07.18"]

1. e4 b6 2. d4 Bb7 3. Bd3 e6 4. f4 Nf6 5. Qe2 c5 6. c3 Be7 7. Nf3 cxd4 8. cxd4
Nc6 9. Nc3 Nb4 10. Bb1 Ba6 11. Qd2 d5 12. a3 Nc6 13. e5 Ng4 14. b4 Bc4 15. Bd3
Bxd3 16. Qxd3 Nh6 17. O-O g6 18. Bd2 Qd7 19. Rac1 Rc8 20. h3 Nf5 21. g4 Ng7 22.
Ne2 O-O 23. Ng3 a5 24. b5 Na7 25. a4 Rxc1 26. Bxc1 Rc8 27. Ba3 Rc4 28. Bxe7
Qxe7 29. f5 exf5 30. gxf5 Nxf5 31. Nxf5 gxf5 32. Qxf5 Qe6 33. Qxe6 fxe6 34. Ng5
Kg7 35. Nxe6+ Kh6 36. Rf7 Nc8 37. Kg2 Rxa4 38. Kg3 Rb4 39. Kg4 Kg6 40. Rf6# 1-0

[Event "XV C.to Italiano U20"]
[Site "Fiuggi ITA"]
[Date "2007.07.18"]
[Round "1"]
[White "Stella, Andrea"]
[Black "Albertini, Luca"]
[Result "1-0"]
[WhiteElo "2132"]
[BlackElo "1697"]
[PlyCount "152"]
[EventDate "2007.07.18"]

1. d4 d6 2. e4 g6 3. c4 Bg7 4. Nc3 Nf6 5. Nf3 O-O 6. Be2 Nbd7 7. O-O e5 8. d5
Ne8 9. Bg5 f6 10. Bd2 a5 11. a3 Nb6 12. b4 axb4 13. axb4 Rxa1 14. Qxa1 f5 15.
Qa2 Kh8 16. c5 dxc5 17. bxc5 fxe4 18. Ng5 Bf6 19. Ngxe4 Nd7 20. Nxf6 Ndxf6 21.
Bh6 Ng7 22. Bg5 Nge8 23. Bh6 Ng7 24. Bg5 Nge8 25. Rd1 Qe7 26. Ne4 Qf7 27. Nxf6
Nxf6 28. Qb2 Nd7 29. Be3 Qf6 30. Bb5 c6 31. Bc4 Nb8 32. d6 Be6 33. Bxe6 Qxe6
34. Qxb7 Qd7 35. Qb2 Qe6 36. Qb7 Qd7 37. Rb1 Kg7 38. Qxd7+ Nxd7 39. Rb7 Rf7 40.
Rc7 Nb8 41. Bh6+ Kf6 42. Bg5+ Ke6 43. Be3 Rd7 44. Kf1 Kd5 45. Ke2 h5 46. Kd3
Ke6 47. Kc3 Kd5 48. Kb3 Rd8 49. Rg7 Na6 50. Rxg6 Nxc5+ 51. Bxc5 Kxc5 52. Rg5
Kxd6 53. Rxh5 Rf8 54. f3 Rg8 55. Rh6+ Kd5 56. g4 Rf8 57. Rh3 c5 58. g5 e4 59.
fxe4+ Kxe4 60. Rg3 Kf4 61. Rg1 Rh8 62. g6 Kf5 63. h4 Kf6 64. h5 Kg7 65. Rh1 Rc8
66. Kc4 Kh6 67. Rh2 Kg7 68. Rd2 Rf8 69. Rd7+ Kf6 70. g7 Rg8 71. h6 Kg6 72. Rd6+
Kh7 73. Rf6 Re8 74. Rf8 Re4+ 75. Kd5 Rg4 76. Rh8+ Kg6 1-0

[Event "XV C.to Italiano U20"]
[Site "Fiuggi ITA"]
[Date "2007.07.18"]
[Round "1"]
[White "Valsecchi, Alessio"]
[Black "Cantoro, Daniele"]
[Result "1-0"]
[WhiteElo "2175"]
[BlackElo "1876"]
[PlyCount "57"]
[EventDate "2007.07.18"]

1. e4 c5 2. Nf3 Nc6 3. d4 cxd4 4. Nxd4 Nf6 5. Nc3 e5 6. Ndb5 d6 7. Bg5 a6 8.
Na3 b5 9. Bxf6 gxf6 10. Nd5 f5 11. Bxb5 axb5 12. Nxb5 Ra4 13. c4 Rxc4 14. O-O
Bg7 15. Rc1 Rxc1 16. Qxc1 Nd4 17. Nxd6+ Qxd6 18. Qxc8+ Qd8 19. Qc5 Ne6 20. Qa3
f6 21. Rc1 Kf7 22. Qa7+ Kg6 23. Ne7+ Kg5 24. Qe3+ f4 25. h4+ Kh5 26. Qf3+ Kxh4
27. Qh3+ Kg5 28. Qf5+ Kh6 29. Qxe6 1-0

[Event "XV C.to Italiano U20"]
[Site "Fiuggi ITA"]
[Date "2007.07.19"]
[Round "2"]
[White "Albertini, Luca"]
[Black "Piscitelli, Vito"]
[Result "1/2-1/2"]
[WhiteElo "1697"]
[BlackElo "1918"]
[PlyCount "39"]
[EventDate "2007.07.18"]

1. d4 Nf6 2. c4 e6 3. Nc3 c5 4. dxc5 Bxc5 5. Nf3 O-O 6. e3 b6 7. Be2 Bb7 8. O-O
Be7 9. Nd4 d6 10. Bf3 Qc8 11. b3 a6 12. Bxb7 Qxb7 13. Ba3 Rd8 14. Qf3 Qxf3 15.
Nxf3 Nc6 16. Rfd1 Ra7 17. Rac1 Kf8 18. h3 Rad7 19. Rd2 h6 20. Kf1 1/2-1/2

[Event "XV C.to Italiano U20"]
[Site "Fiuggi ITA"]
[Date "2007.07.19"]
[Round "2"]
[White "Bellemo, Davide"]
[Black "Navarro, Stefano"]
[Result "0-1"]
[WhiteElo "2067"]
[BlackElo "2242"]
[PlyCount "60"]
[EventDate "2007.07.18"]

1. d4 d5 2. c4 e6 3. Nc3 Nf6 4. Bg5 Nbd7 5. Nf3 c6 6. e3 Be7 7. Bd3 O-O 8. O-O
h6 9. Bh4 a6 10. cxd5 cxd5 11. a4 Nb8 12. Ne5 Nc6 13. Nxc6 bxc6 14. Rb1 a5 15.
Bg3 Ba6 16. h3 Qb6 17. Bxa6 Rxa6 18. Qc2 Qb7 19. Rfc1 Rb6 20. Na2 Ne4 21. Bf4
Bd6 22. Bxd6 Nxd6 23. b3 Rb8 24. b4 Nc4 25. Rb3 axb4 26. Qd3 Na5 27. Rb2 b3 28.
Nc3 Nc4 29. Rcb1 Nxb2 30. Rxb2 Rb4 0-1

[Event "XV C.to Italiano U20"]
[Site "Fiuggi ITA"]
[Date "2007.07.19"]
[Round "2"]
[White "Bosi, Clint"]
[Black "Coladangelo, Andrea"]
[Result "1/2-1/2"]
[WhiteElo "2080"]
[BlackElo "1783"]
[PlyCount "70"]
[EventDate "2007.07.18"]

1. e4 c5 2. b4 cxb4 3. a3 d5 4. e5 Bf5 5. d4 e6 6. axb4 Bxb4+ 7. c3 Bxb1 8.
cxb4 Bg6 9. Bb5+ Nd7 10. Ne2 a6 11. Bxd7+ Qxd7 12. Nc3 Rc8 13. Bb2 Rc4 14. b5
Qc8 15. bxa6 bxa6 16. O-O Ne7 17. Qb3 O-O 18. Rfc1 Nc6 19. Ne2 Rb4 20. Qc3 Qb7
21. Qxc6 Qxc6 22. Rxc6 Rxb2 23. Nf4 a5 24. Ra6 Rb4 25. Nxg6 hxg6 26. R6xa5 Rxd4
27. R5a4 Rxa4 28. Rxa4 Rc8 29. g3 Kf8 30. f4 Rc2 31. Ra8+ Ke7 32. Ra7+ Ke8 33.
h4 d4 34. Ra8+ Kd7 35. Ra7+ Ke8 1/2-1/2

[Event "XV C.to Italiano U20"]
[Site "Fiuggi ITA"]
[Date "2007.07.19"]
[Round "2"]
[White "Bove, Alessandro"]
[Black "Rombaldoni, Denis"]
[Result "0-1"]
[WhiteElo "2173"]
[BlackElo "2383"]
[PlyCount "74"]
[EventDate "2007.07.18"]

1. d4 Nf6 2. c4 e6 3. g3 d5 4. Nf3 dxc4 5. Bg2 Bb4+ 6. Bd2 a5 7. O-O Nc6 8. Qc2
Nxd4 9. Nxd4 Qxd4 10. Be3 Qd8 11. Rd1 Qe7 12. Qxc4 O-O 13. Nc3 e5 14. Bg5 Be6
15. Qb5 Bxc3 16. bxc3 Bc8 17. Be3 Re8 18. Bc5 Qe6 19. Rd2 e4 20. Rad1 b6 21.
Bd4 Bb7 22. Qg5 Bc6 23. Bh3 Qe7 24. Bf5 h6 25. Qh4 Kf8 26. c4 Ng8 27. Qf4 Rad8
28. c5 b5 29. h4 b4 30. h5 Ba4 31. Rc1 c6 32. g4 Rd5 33. Kh2 Red8 34. e3 Re8
35. Kh3 Qg5 36. Qc7 Bb5 37. Bd7 Qe7 0-1

[Event "XV C.to Italiano U20"]
[Site "Fiuggi ITA"]
[Date "2007.07.19"]
[Round "2"]
[White "Campese, Andrea"]
[Black "Caprio, Guido"]
[Result "1-0"]
[WhiteElo "1817"]
[BlackElo "1961"]
[PlyCount "89"]
[EventDate "2007.07.18"]

1. b3 e5 2. Bb2 d6 3. e3 Nf6 4. Nf3 g6 5. c4 Bg7 6. Nc3 O-O 7. d4 e4 8. Nd2 Re8
9. Be2 Nbd7 10. Qc2 Qe7 11. O-O-O Nf8 12. h3 h5 13. Rhe1 c6 14. Kb1 Bf5 15. Nf1
d5 16. Ng3 Be6 17. Rc1 h4 18. Nf1 a6 19. c5 N6d7 20. Nh2 Qg5 21. Rg1 f5 22.
Rce1 f4 23. Bg4 Bxg4 24. Nxg4 fxe3 25. fxe3 Nf6 26. Nxf6+ Bxf6 27. Qe2 Qg3 28.
Rgf1 Bg5 29. Qf2 Qxf2 30. Rxf2 Ne6 31. Bc1 Rf8 32. Ref1 Rxf2 33. Rxf2 Ng7 34.
Nd1 Nf5 35. Kc2 Rf8 36. Kc3 Kg7 37. Bd2 Rf6 38. Re2 Ng3 39. Rf2 Nf5 40. Re2 Rf7
41. b4 Kh6 42. Nf2 Kh5 43. Ng4 Ng3 44. Rf2 Nf1 45. Rxf7 1-0

[Event "XV C.to Italiano U20"]
[Site "Fiuggi ITA"]
[Date "2007.07.19"]
[Round "2"]
[White "Cantoro, Daniele"]
[Black "Lombardo, Michele"]
[Result "1/2-1/2"]
[WhiteElo "1876"]
[BlackElo "2002"]
[PlyCount "106"]
[EventDate "2007.07.18"]

1. e4 g6 2. d4 Bg7 3. f4 d5 4. e5 h5 5. Nf3 Bg4 6. h3 Bxf3 7. Qxf3 e6 8. Bd2
Ne7 9. Bd3 Nd7 10. Na3 a6 11. Be3 c5 12. c3 Qb6 13. Qf2 c4 14. Bxc4 dxc4 15.
Nxc4 Qc6 16. Nd6+ Kf8 17. O-O-O Nc8 18. Nxc8 Rxc8 19. Rhf1 Nb6 20. g4 Nd5 21.
Kb1 Qb5 22. Ka1 hxg4 23. hxg4 Nxe3 24. Qxe3 Rh2 25. Rf2 Rxf2 26. Qxf2 Qd7 27.
f5 exf5 28. gxf5 Qxf5 29. Qxf5 gxf5 30. Rf1 Ke7 31. Rxf5 Rh8 32. a4 Rh1+ 33.
Ka2 Rh2 34. Ka3 Ke6 35. Rf3 Re2 36. b4 Bxe5 37. dxe5 Rxe5 38. Kb3 f5 39. c4 Re4
40. Kc3 Kf6 41. b5 axb5 42. axb5 Re7 43. c5 Rc7 44. Kd4 Rd7+ 45. Kc4 Ke5 46. c6
bxc6 47. bxc6 Rc7 48. Kb5 f4 49. Kb6 Rxc6+ 50. Kxc6 Ke4 51. Rf1 f3 52. Kc5 Ke3
53. Kc4 f2 1/2-1/2

[Event "XV C.to Italiano U20"]
[Site "Fiuggi ITA"]
[Date "2007.07.19"]
[Round "2"]
[White "Dini, Andrea"]
[Black "Basile, Luca"]
[Result "1/2-1/2"]
[WhiteElo "1949"]
[BlackElo "1781"]
[PlyCount "60"]
[EventDate "2007.07.18"]

1. d4 c5 2. c3 e6 3. Nf3 d5 4. Bf4 Bd6 5. Bg3 Nc6 6. e3 Nf6 7. Nbd2 h6 8. Bd3
cxd4 9. exd4 O-O 10. O-O Bxg3 11. hxg3 Qd6 12. Qe2 Re8 13. Ne5 Nd7 14. Rae1 Qe7
15. Ndf3 Nf6 16. g4 Nh7 17. Bc2 g6 18. Nd2 Nxe5 19. dxe5 Bd7 20. Qe3 Rec8 21.
Nb3 Bb5 22. Bd3 Bxd3 23. Qxd3 Qh4 24. Qh3 Qxh3 25. gxh3 Ng5 26. Kg2 a5 27. Nd4
Rc4 28. f3 a4 29. h4 Nh7 30. a3 Nf8 1/2-1/2

[Event "XV C.to Italiano U20"]
[Site "Fiuggi ITA"]
[Date "2007.07.19"]
[Round "2"]
[White "Dvirnyy, Danyyil"]
[Black "Sellitti, Federico"]
[Result "1/2-1/2"]
[WhiteElo "2365"]
[BlackElo "2171"]
[PlyCount "131"]
[EventDate "2007.07.18"]

1. e4 c5 2. Nf3 d6 3. d4 cxd4 4. Nxd4 Nf6 5. f3 Nc6 6. c4 g6 7. Nc3 Bg7 8. Be3
O-O 9. Qd2 Nxd4 10. Bxd4 Be6 11. Be2 Qd7 12. O-O Nh5 13. Be3 Rfc8 14. Nd5 Nf6
15. b3 Qe8 16. Rae1 Bd7 17. a4 b6 18. Bg5 Nxd5 19. exd5 Bf6 20. Bd3 Qf8 21.
Bxf6 exf6 22. a5 Rab8 23. axb6 axb6 24. Ra1 b5 25. Ra7 bxc4 26. bxc4 Qd8 27.
Rfa1 Rb3 28. Bf1 Rcb8 29. Qd4 Be8 30. R1a6 R3b6 31. Rxb6 Qxb6 32. Qxb6 Rxb6 33.
Kf2 f5 34. Ke3 Kg7 35. Kd4 Kf6 36. f4 h5 37. Be2 Rb2 38. Bf3 Rc2 39. h3 Rc1 40.
Rc7 Ba4 41. c5 dxc5+ 42. Rxc5 Rb1 43. Rc7 Bd1 44. Bxd1 Rxd1+ 45. Kc5 Rd2 46.
Kd6 Rxg2 47. Rc6 Rd2 48. Kd7+ Kg7 49. d6 Rd4 50. Kc8 Rxf4 51. d7 Rd4 52. d8=Q
Rxd8+ 53. Kxd8 g5 54. Ke7 g4 55. Rf6 gxh3 56. Rxf5 Kg6 57. Rf3 Kg5 58. Rxh3 Kg4
59. Ra3 h4 60. Kf6 h3 61. Ra4+ Kg3 62. Kg5 h2 63. Ra3+ Kg2 64. Ra2+ Kg3 65. Ra1
Kg2 66. Kf6 1/2-1/2

[Event "XV C.to Italiano U20"]
[Site "Fiuggi ITA"]
[Date "2007.07.19"]
[Round "2"]
[White "Fossati, Remigio"]
[Black "Brunello, Sabino"]
[Result "0-1"]
[WhiteElo "2195"]
[BlackElo "2475"]
[PlyCount "134"]
[EventDate "2007.07.18"]

1. d4 Nf6 2. c4 e6 3. Nc3 Bb4 4. e3 d5 5. Nge2 dxc4 6. a3 Be7 7. Ng3 O-O 8.
Bxc4 Nc6 9. O-O b6 10. Qe2 Na5 11. Ba2 c5 12. Rd1 Qc7 13. Bd2 Bd7 14. Rac1 Qb7
15. dxc5 bxc5 16. e4 Nc6 17. Be3 Rfd8 18. Rd2 Be8 19. Rcd1 Rxd2 20. Rxd2 Rb8
21. f3 Nd7 22. Qf2 Qa6 23. f4 c4 24. e5 Na5 25. Nge4 f6 26. exf6 Nxf6 27. Qg3
Rd8 28. Nxf6+ Bxf6 29. Rxd8 Bxd8 30. Bd4 Qb7 31. Qe3 Nc6 32. Qxe6+ Bf7 33. Qe4
Bb6 34. Be3 Na5 35. Qe5 Bxe3+ 36. Qxe3 Qxb2 37. h3 Qxa3 38. Bb1 Nb3 39. Kh2 Qc5
40. Qe4 g6 41. f5 Kg7 42. Qf4 gxf5 43. Bxf5 Nd4 44. Qg3+ Bg6 45. Be4 Nf5 46.
Bxf5 Qxf5 47. Qc7+ Bf7 48. Qg3+ Kf6 49. Qd6+ Be6 50. Qf8+ Kg6 51. Qd6 Kf7 52.
Ne2 Qd5 53. Qf4+ Ke7 54. Qh4+ Kd6 55. Qd8+ Kc6 56. Qa8+ Kb6 57. Qb8+ Ka6 58.
Nc3 Qc6 59. Qb4 Bd7 60. Qb8 Bc8 61. Qb4 Bd7 62. Qb8 Qc5 63. Ne4 Qd4 64. Nd6 Qd5
65. Qb4 Bc6 66. Qa3+ Kb6 67. Nc8+ Kc7 0-1